| 000 | 00937cam a22003011 4500 | ||
|---|---|---|---|
| 001 | 12322 | ||
| 003 | BD-RjUL | ||
| 005 | 20211208235255.0 | ||
| 008 | 140128s1960 enka b 001 0 eng | ||
| 035 | _a(BD-RjUL)12371 | ||
| 040 |
_aDLC/ICU _cICU _dBD-RjUL _beng |
||
| 041 | _aeng | ||
| 082 | 0 | 0 |
_a581.5265 _bCHS 1960 |
| 100 | 1 |
_aChapman, V. J. _q(Valentine Jackson), _d1910- _938269 |
|
| 245 | 1 | 0 |
_aSalt marshes and salt deserts of the world / _cV. J. Chapman |
| 260 |
_aLondon : _bL. Hill, _aNew York : _bInterscience Publishers, _cc1960. |
||
| 300 |
_axvi, 392 p. : _billus. ; _c25 cm. |
||
| 490 | _aPlant science monographs | ||
| 504 | _aInclude bibliography and index. | ||
| 650 | 0 |
_aSalt marsh plants. _938270 |
|
| 650 | 0 |
_aSalt marshes. _938271 |
|
| 650 | 0 |
_aHalophytes. _938272 |
|
| 650 | 0 |
_aAlkali lands. _938273 |
|
| 650 | 0 |
_aReclamation of land. _911573 |
|
| 942 |
_2ddc _cBK |
||
| 999 |
_c12322 _d12322 |
||